| 000 | 00428nam a2200145Ia 4500 | ||
|---|---|---|---|
| 005 | 20250307032302.0 | ||
| 008 | 240331s9999 xx 000 0 und d | ||
| 082 |
_bVEL _24445 _a894.811 |
||
| 245 | 0 |
_aVelippaduthal: _bPengalin Kavithaikal |
|
| 260 |
_aBatticaloa, _bSuriya Women Development Center _c2001 |
||
| 300 | _ax, 50 p., | ||
| 500 | _aA collection of poems written by women. | ||
| 700 |
_aThalayasingam, J _eedt |
||
| 942 | _cL | ||
| 999 |
_c3832 _d3832 |
||